000 00751nam a22001937a 4500
999 _c62861
_d62861
003 Ge_BSU
005 20250311113630.0
008 250311s1957 ge ||||| |||| 00| 0 geo d
041 _ageo
080 _a616.12-073.97 ბ-91
100 _aბრეგაძე, ო.
_924510
245 _aკლინიკური ელექტროკარდიოგრაფია /
_cო. ბრეგაძე.
264 _aთბილისი :
_bსაქმედგამი,
_c1957.
300 _a115 გვ. :
_bილ. ;
_c26 სმ.
653 _aკლინიკური ელექტროკარდიოგრაფია
653 _aკარდიოლოგია
653 _aმედიცინა
942 _2udc
_cBK